Largest City for each Country #1 - Statistics

General Stats
  • This quiz has been taken 70 times
    34 since last reset
  • The average score is 18 of 30
Answer Stats
Country Answer % Correct
Australia Sydney
100%
Argentina Buenos Aires
95%
Afghanistan Kabul
95%
Austria Vienna
95%
Canada Toronto
91%
Algeria Algiers
86%
Belgium Brussels
82%
Bangladesh Dhaka
82%
Bahamas Nassau
82%
Brazil Sao Paulo
82%
Andorra Andorra la Vella
77%
Belarus Minsk
77%
Bulgaria Sofia
77%
Bosnia and Herzegovina Sarajevo
73%
Azerbaijan Baku
64%
Albania Tirana
64%
Angola Luanda
59%
Belize Belize City
50%
Cambodia Phnom Penh
50%
Armenia Yerevan
41%
Burundi Bujumbura
32%
Bahrain Manama
32%
Antigua and Barbuda St. Johns
32%
Brunei Bandar Seri Begawan
27%
Barbados Bridgetown
27%
Botswana Gaborone
27%
Burkina Faso Ouagadougou
27%
Benin Cotonou
23%
Cameroon Douala
18%
Bolivia Santa Cruz
18%
No matching quizzes found
Score Distribution
Percent of People with Each Score
Percentile by Number Answered
Your Score History
You have not taken this quiz since the last reset